[Event "Massy Op"]
[Site "Massy"]
[Date "10.07.01"]
[Round "?"]
[White "Saunier, Jean Francois"]
[Black "Bounya, Myriam"]
[Result "1/2-1/2"]
[WhiteElo "1729"]
[BlackElo "1812"]
[PlyCount "113"]
[EventDate "2010.06.??"]
[EventType "swiss"]
[EventRounds "7"]
[EventCountry "FRA"]
[WhiteTeamCountry "FRA"]
[BlackTeamCountry "FRA"]

1. e4 d5 2. exd5 Nf6 3. Bb5+ Bd7 4. Bc4 Bg4 5. f3 Bc8 6. Bb5+ Bd7 7. Bc4 g6 8.
d4 Bg7 9. Be3 O-O 10. Bb3 c6 11. dxc6 Bxc6 12. c4 e6 13. Nc3 Qa5 14. Qd2 Rd8
15. Nge2 Na6 16. Ne4 Qc7 17. Nxf6+ Bxf6 18. O-O Nc5 19. Qc2 Nxb3 20. Qxb3 Rd7
21. Rad1 Rad8 22. Rd2 a6 23. Rfd1 b5 24. cxb5 Bxb5 25. Nc3 Bc4 26. Qa4 Qc8 27.
b3 Bd5 28. Nxd5 Rxd5 29. Qc4 a5 30. Rc1 Qd7 31. Qc6 Bxd4 32. Bxd4 Qxc6 33. Rxc6
Rxd4 34. Rdc2 a4 35. R6c4 axb3 36. axb3 Rd3 37. Rb4 Kg7 38. Rb7 R3d7 39. Rb6
Kf6 40. Kf2 Rd2+ 41. Rxd2 Rxd2+ 42. Kg3 Rb2 43. b4 Ke5 44. Rb7 f6 45. Rxh7 Rxb4
46. h4 f5 47. Rh6 f4+ 48. Kg4 Rb2 49. Kh3 Kf5 50. g4+ fxg3 51. Kxg3 Rb4 52. Rh8
e5 53. Re8 Rc4 54. Rf8+ Ke6 55. Re8+ Kf5 56. Re7 Rb4 57. Re8 1/2-1/2

[Event "Massy Op"]
[Site "Massy"]
[Date "10.07.01"]
[Round "?"]
[White "Legrand, Stephane"]
[Black "Nguyen, Vincent"]
[Result "0-1"]
[WhiteElo "2129"]
[BlackElo "2211"]
[PlyCount "118"]
[EventDate "2010.06.??"]
[EventType "swiss"]
[EventRounds "7"]
[EventCountry "FRA"]
[WhiteTeamCountry "FRA"]
[BlackTeamCountry "FRA"]

1. d4 e6 2. Nf3 f5 3. h3 b6 4. g4 Bb7 5. Nc3 Bb4 6. Rg1 Qe7 7. Bf4 Nf6 8. Bg2
d6 9. g5 Ne4 10. Bd2 Bxc3 11. Bxc3 Nxc3 12. bxc3 Nd7 13. h4 O-O 14. Qd3 c5 15.
Nd2 Bxg2 16. Rxg2 Rac8 17. e4 d5 18. e5 cxd4 19. cxd4 Rc7 20. Rc1 Rfc8 21. Nb1
Qb4+ 22. c3 Qa5 23. f4 b5 24. Rb2 a6 25. Rcc2 Nb6 26. Rb3 Na4 27. a3 Rc4 28. h5
Qc7 29. g6 h6 30. Qe3 Qe7 31. Qf2 Qd7 32. Kd1 a5 33. Qh4 Kf8 34. Qg3 Qc6 35.
Qf2 b4 36. axb4 axb4 37. Rxb4 Nxc3+ 38. Rxc3 Rxc3 39. Nxc3 Qxc3 40. Qd2 Qf3+
41. Ke1 Qxh5 42. Rb6 Qxg6 43. Kf1 Kg8 44. Rb3 Ra8 45. Kf2 Ra1 46. Rg3 Qh5 47.
Rg2 Qd1 48. Qxd1 Rxd1 49. Ke3 Re1+ 50. Kf3 Re4 51. Rd2 Kf7 52. Rd1 g5 53. fxg5
hxg5 54. Rd2 Kg6 55. Rd1 g4+ 56. Kf2 Kg5 57. Rd2 f4 58. Rd1 g3+ 59. Kf1 f3 0-1

[Event "Massy Op"]
[Site "Massy"]
[Date "2010.07.01"]
[Round "?"]
[White "Andre, Philippe"]
[Black "Veron, Cyprien"]
[Result "0-1"]
[WhiteElo "1793"]
[BlackElo "2087"]
[PlyCount "24"]
[EventDate "2010.06.??"]
[EventType "swiss"]
[EventRounds "7"]
[EventCountry "FRA"]
[WhiteTeamCountry "FRA"]
[BlackTeamCountry "FRA"]

1. e4 e5 2. Bc4 Nf6 3. d4 exd4 4. Nf3 Nc6 5. O-O Bc5 6. e5 d5 7. exf6 dxc4 8.
Re1+ Be6 9. Ng5 g6 10. Rxe6+ fxe6 11. Nxe6 Qxf6 12. Nxc5 Qe5 0-1

[Event "Massy Op"]
[Site "Massy"]
[Date "10.07.01"]
[Round "?"]
[White "Trommsdorf, Fro"]
[Black "Lavabre, Fabien"]
[Result "0-1"]
[WhiteElo "2069"]
[BlackElo "2236"]
[PlyCount "94"]
[EventDate "2010.06.??"]
[EventType "swiss"]
[EventRounds "7"]
[EventCountry "FRA"]
[WhiteTeamCountry "FRA"]
[BlackTeamCountry "FRA"]

1. Nf3 Nf6 2. g3 g6 3. Bg2 Bg7 4. d3 O-O 5. O-O d5 6. c3 Nbd7 7. Qc2 e5 8. e4
c6 9. Re1 Re8 10. a4 h6 11. h3 dxe4 12. dxe4 Nc5 13. Bf1 Nh7 14. Be3 Ne6 15.
Nbd2 Neg5 16. h4 Nxf3+ 17. Nxf3 Qf6 18. Bg2 g5 19. hxg5 hxg5 20. Rad1 Bg4 21.
Qe2 Qg6 22. Bc1 Qh5 23. Rd2 Re6 24. Qe3 Rh6 25. Rd3 Bh3 26. Bh1 f6 27. Qd2 Nf8
28. Nh2 Be6 29. f3 Qf7 30. Bg2 Ng6 31. Rd8+ Rxd8 32. Qxd8+ Bf8 33. Be3 Kg7 34.
Rd1 Rh8 35. Qd2 Bb3 36. Ra1 a6 37. Ng4 Be7 38. Bf1 Rd8 39. Qh2 Rh8 40. Qd2 Nf8
41. Qd3 Be6 42. Nf2 Qh5 43. Bg2 Qh2+ 44. Kf1 Qxg3 45. Nh1 Rxh1+ 46. Bxh1 Bh3+
47. Ke2 Qh2+ 0-1

[Event "Massy Op"]
[Site "Massy"]
[Date "10.07.01"]
[Round "?"]
[White "Ghersi , Kader"]
[Black "De Lagontrie, Jean"]
[Result "0-1"]
[WhiteElo "1759"]
[BlackElo "1965"]
[PlyCount "66"]
[EventDate "2010.06.??"]
[EventType "swiss"]
[EventRounds "7"]
[EventCountry "FRA"]
[WhiteTeamCountry "FRA"]
[BlackTeamCountry "FRA"]

1. e4 c5 2. Nf3 Nc6 3. d4 cxd4 4. Nxd4 Nf6 5. Nc3 e5 6. Nxc6 bxc6 7. Bg5 Rb8 8.
Rb1 Qa5 9. Bxf6 Rxb2 10. Bxe5 Qxe5 11. Qd3 Bb4 12. Ke2 Qxc3 13. Rxb2 Qxb2 14.
g3 Qxa2 15. Kf3 Qa3 16. Bh3 Ke7 17. Rb1 Qxd3+ 18. cxd3 Bc5 19. Rb8 Rd8 20. Rb3
Ba6 21. Bf1 Bb6 22. Be2 d5 23. Rb4 c5 24. Rb1 dxe4+ 25. Kxe4 Rd4+ 26. Ke3 f5
27. f4 Rd6 28. Kd2 c4 29. Ra1 Bb7 30. Kc2 cxd3+ 31. Bxd3 Be4 32. Bxe4 fxe4 33.
Kb3 e3 0-1

[Event "Massy Op"]
[Site "Massy"]
[Date "10.07.01"]
[Round "?"]
[White "Perolle, Guy"]
[Black "Rubcke, Horst"]
[Result "0-1"]
[WhiteElo "1693"]
[BlackElo "1615"]
[PlyCount "54"]
[EventDate "2010.06.??"]
[EventType "swiss"]
[EventRounds "7"]
[EventCountry "FRA"]
[WhiteTeamCountry "FRA"]
[BlackTeamCountry "FRA"]

1. f4 c5 2. e3 d5 3. Nf3 Nc6 4. b3 f6 5. Be2 e5 6. fxe5 fxe5 7. d3 Nf6 8. O-O
Bd6 9. h3 O-O 10. Bd2 Nh5 11. e4 Ng3 12. Rf2 dxe4 13. dxe4 Nxe4 14. Bc4+ Kh8
15. Rf1 Ng3 16. Re1 e4 17. Bg5 Qc7 18. Nbd2 Bf5 19. Bh4 e3 20. Bxg3 exd2 21.
Bxd6 dxe1=Q+ 22. Qxe1 Qxd6 23. Nd2 Nd4 24. Bd3 Bd7 25. Ne4 Qb6 26. Qd1 Bf5 27.
Nf2 Rae8 0-1

[Event "Massy Op"]
[Site "Massy"]
[Date "10.07.01"]
[Round "?"]
[White "Albaric, Etienne"]
[Black "Jonas, Joseph"]
[Result "1-0"]
[WhiteElo "1727"]
[BlackElo "1630"]
[PlyCount "54"]
[EventDate "2010.06.??"]
[EventType "swiss"]
[EventRounds "7"]
[EventCountry "FRA"]
[WhiteTeamCountry "FRA"]
[BlackTeamCountry "FRA"]

1. e4 d5 2. exd5 Nf6 3. d4 Nxd5 4. Nf3 c6 5. Be2 Bf5 6. O-O Nb4 7. Na3 N8a6 8.
Bc4 b5 9. Be2 e6 10. c3 Nd5 11. Nxb5 cxb5 12. Bxb5+ Ke7 13. Bxa6 Qb6 14. Bd3
Bg4 15. Be4 Rd8 16. Qa4 Nf6 17. Ne5 Nxe4 18. Nc6+ Ke8 19. Nxd8+ Kxd8 20. f3
Nxc3 21. bxc3 Bf5 22. Ba3 Bd3 23. Rfe1 Bb5 24. Qb3 Bxa3 25. Qxa3 Bc4 26. Rab1
Qc7 27. Re5 f6 1-0

[Event "Massy Op"]
[Site "Massy"]
[Date "10.07.01"]
[Round "?"]
[White "Dean, Pietro"]
[Black "Legrand , Antoine"]
[Result "1/2-1/2"]
[WhiteElo "1479"]
[BlackElo "1668"]
[PlyCount "126"]
[EventDate "2010.06.??"]
[EventType "swiss"]
[EventRounds "7"]
[EventCountry "FRA"]
[WhiteTeamCountry "FRA"]
[BlackTeamCountry "FRA"]

1. e4 c5 2. Nf3 e6 3. d4 cxd4 4. Nxd4 a6 5. Nc3 Qc7 6. a3 Nf6 7. Bd3 b5 8. O-O
Bc5 9. Nf3 Nc6 10. Re1 Ng4 11. Be3 Nxe3 12. fxe3 Qb6 13. Qd2 Bb7 14. Kh1 O-O-O
15. b4 Bd6 16. Bf1 Rdg8 17. Qxd6 h6 18. Ne5 Qc7 19. Qxc7+ Kxc7 20. Nxf7 Rh7 21.
Rad1 Rf8 22. Nd6 g5 23. Nxb7 Kxb7 24. Kg1 Rc8 25. Rd2 Nxb4 26. axb4 Rxc3 27.
Kf2 Rf7+ 28. Ke2 Kc6 29. Ra1 Kb7 30. g3 Rc4 31. Rb1 Kb6 32. Bg2 e5 33. Kd3 Rc6
34. Rbd1 Rd6+ 35. Ke2 Rxd2+ 36. Rxd2 Kc6 37. c3 d6 38. Ke1 Kc7 39. Rf2 Rxf2 40.
Kxf2 Kb6 41. Ke1 a5 42. bxa5+ Kxa5 43. Kd2 Ka4 44. Kc2 Ka3 45. Bh3 b4 46. cxb4
Kxb4 47. Be6 Ka3 48. Kd2 Kb2 49. Ke2 Kc3 50. g4 Kc2 51. Kf2 Kd3 52. Kg3 Kxe4
53. Kf2 Kd3 54. Bd5 Kd2 55. e4 Kd3 56. Kg3 Ke3 57. h4 Ke2 58. hxg5 hxg5 59. Kg2
Ke3 60. Kf1 Kf4 61. Kf2 Kxg4 62. Kg2 Kf4 63. Bc6 g4 1/2-1/2

[Event "Massy Op"]
[Site "Massy"]
[Date "10.07.01"]
[Round "?"]
[White "Pernet, Roger"]
[Black "Robert, Jean Marie"]
[Result "1/2-1/2"]
[WhiteElo "1804"]
[BlackElo "1834"]
[PlyCount "141"]
[EventDate "2010.06.??"]
[EventType "swiss"]
[EventRounds "7"]
[EventCountry "FRA"]
[WhiteTeamCountry "FRA"]
[BlackTeamCountry "FRA"]

1. f4 d5 2. Nf3 g6 3. e3 Bg7 4. Be2 Nf6 5. O-O O-O 6. c3 c5 7. d4 Nc6 8. Ne5
cxd4 9. cxd4 Ne4 10. Nd2 Nxd2 11. Bxd2 f6 12. Nxc6 bxc6 13. Rc1 Bd7 14. b3 e5
15. Bb4 Re8 16. fxe5 fxe5 17. Bg4 e4 18. Bxd7 Qxd7 19. Qe1 Rab8 20. Bc5 Rb7 21.
Qg3 Qe6 22. Rc2 Rf7 23. Rfc1 Bh6 24. Rc3 Rc8 25. Bd6 Qd7 26. Be5 Bf8 27. R3c2
Ba3 28. Rf1 Rxf1+ 29. Kxf1 Rf8+ 30. Rf2 Rxf2+ 31. Qxf2 Qf5 32. Qxf5 gxf5 33.
Kf2 Kf7 34. h3 h5 35. g4 Kg6 36. gxh5+ Kxh5 37. Kg3 Bc1 38. Bf4 Bd2 39. Kg2 a6
40. Kf2 Kh4 41. Kg2 Be1 42. Bd6 Ba5 43. Bg3+ Kh5 44. Kf2 Bb6 45. Ke2 Bd8 46.
Kf2 Be7 47. Ke2 c5 48. dxc5 Bxc5 49. Bf2 Kg5 50. Kd2 Bd6 51. Kc3 Be5+ 52. Kb4
f4 53. Kc5 fxe3 54. Bxe3+ Bf4 55. Bd4 e3 56. Kxd5 e2 57. Bc3 Bg3 58. b4 e1=Q
59. Bxe1 Bxe1 60. Kc5 Kh4 61. a3 Kxh3 62. Kb6 Kg4 63. Kxa6 Kf5 64. b5 Ke6 65.
Kb7 Kd5 66. a4 Kc5 67. Ka6 Bg3 68. a5 Bf4 69. b6 Kc6 70. Ka7 Be3 71. Kb8
1/2-1/2

[Event "Massy Op"]
[Site "Massy"]
[Date "2010.07.02"]
[Round "?"]
[White "Champagne, Pascal"]
[Black "Pommier, Eugene"]
[Result "1/2-1/2"]
[WhiteElo "1685"]
[BlackElo "1511"]
[PlyCount "72"]
[EventDate "2010.06.??"]
[EventType "swiss"]
[EventRounds "7"]
[EventCountry "FRA"]
[WhiteTeamCountry "FRA"]
[BlackTeamCountry "FRA"]

1. d4 f5 2. Nf3 d6 3. Bg5 h6 4. Bf4 g5 5. Bd2 Nf6 6. Nc3 c6 7. e3 Bg7 8. Bd3
Nbd7 9. Bxf5 O-O 10. h3 d5 11. g4 Qe8 12. h4 e6 13. hxg5 exf5 14. gxf6 Nxf6 15.
g5 hxg5 16. Nxg5 Ne4 17. Ncxe4 fxe4 18. Qe2 Rf5 19. f4 exf3 20. Nxf3 Qe4 21.
Rf1 Qxc2 22. Bc3 Qxe2+ 23. Kxe2 Rh5 24. Rg1 Bf5 25. Bb4 Re8 26. Bd6 Kh8 27. Kf2
Be4 28. Rh1 Rxh1 29. Rxh1+ Kg8 30. Rg1 Bxf3 31. Kxf3 Kf7 32. Rg4 Re6 33. Rf4+
Ke8 34. Rg4 Rf6+ 35. Bf4 Kf7 36. Ke2 Re6 1/2-1/2

[Event "Massy Op"]
[Site "Massy"]
[Date "10.07.01"]
[Round "?"]
[White "Saliou , Ronan"]
[Black "Baldi, Valentine"]
[Result "0-1"]
[WhiteElo "1210"]
[BlackElo "1622"]
[PlyCount "50"]
[EventDate "2010.06.??"]
[EventType "swiss"]
[EventRounds "7"]
[EventCountry "FRA"]
[WhiteTeamCountry "FRA"]
[BlackTeamCountry "FRA"]

1. d4 d5 2. c4 dxc4 3. e3 e6 4. Bxc4 c5 5. Nf3 Nf6 6. O-O Be7 7. Nc3 O-O 8. Re1
Nc6 9. Qc2 Qc7 10. Bd3 Rd8 11. Ne2 b6 12. Be4 Nxe4 13. Qxe4 Bb7 14. Nf4 Nxd4
15. Qd3 Nxf3+ 16. gxf3 Rxd3 17. Nxd3 Bxf3 18. Nf4 Rd8 19. e4 Bd6 20. Ng2 Bxh2+
21. Kh1 Qe5 22. a4 Qh5 23. Re3 Bf4+ 24. Kg1 Qh2+ 25. Kf1 Qh1# 0-1

[Event "Massy Op"]
[Site "Massy"]
[Date "10.07.01"]
[Round "?"]
[White "Legrand, Claire"]
[Black "Gaudin, Roger"]
[Result "1-0"]
[WhiteElo "1593"]
[BlackElo "1597"]
[PlyCount "65"]
[EventDate "2010.06.??"]
[EventType "swiss"]
[EventRounds "7"]
[EventCountry "FRA"]
[WhiteTeamCountry "FRA"]
[BlackTeamCountry "FRA"]

1. e4 e6 2. d3 d5 3. Nd2 Nf6 4. g3 c5 5. Bg2 Nc6 6. f4 Qb6 7. e5 Nd7 8. c3 d4
9. Nc4 Qc7 10. a4 Rb8 11. Ne2 b6 12. O-O Bb7 13. Qe1 Ne7 14. Nd6+ Kd8 15. Nxf7+
Ke8 16. Nd6+ Kd8 17. Nxb7+ Rxb7 18. Bxb7 Qxb7 19. cxd4 cxd4 20. Nxd4 Qd5 21.
Qe4 Nc5 22. Qxd5+ Nxd5 23. Bd2 Kd7 24. Rf3 Nb7 25. Kg2 Bc5 26. Nb5 a6 27. Nc3
Bb4 28. Nxd5 Bxd2 29. Nxb6+ Kc6 30. Nc4 Bb4 31. Rc1 Kd5 32. Nb6+ Kd4 33. Rc4#
1-0

[Event "Massy Op"]
[Site "Massy"]
[Date "10.07.01"]
[Round "?"]
[White "Bastin, Eugene"]
[Black "Yallaoui , Jean"]
[Result "0-1"]
[WhiteElo "1489"]
[BlackElo "1719"]
[PlyCount "84"]
[EventDate "2010.06.??"]
[EventType "swiss"]
[EventRounds "7"]
[EventCountry "FRA"]
[WhiteTeamCountry "FRA"]
[BlackTeamCountry "FRA"]

1. c4 Nf6 2. Nc3 g6 3. e4 d6 4. g3 Bg7 5. Bg2 O-O 6. Nf3 Be6 7. b3 Nxe4 8. Bb2
Nxc3 9. Qc2 Nxa2 10. Rxa2 Bf5 11. d3 e5 12. O-O Nc6 13. Ba3 Re8 14. Re1 Qd7 15.
Qd1 Bg4 16. Qd2 Re7 17. Rc2 Bxf3 18. Bxf3 Nd4 19. Bg2 Nxc2 20. Qxc2 c6 21. Qd2
Rae8 22. b4 a6 23. Qe3 Qc7 24. Rc1 a5 25. b5 c5 26. Bd5 Kh8 27. g4 f5 28. gxf5
gxf5 29. Kh1 f4 30. Qh3 Qd7 31. Qh5 e4 32. dxe4 Bd4 33. f3 Rg7 34. Rd1 Qe7 35.
Bc1 Rf8 36. Qh6 Rf6 37. Qh3 Rf8 38. Qh6 b6 39. Rf1 Qg5 40. Qxg5 Rxg5 41. Bd2 a4
42. Bc1 Rf6 0-1

[Event "Massy Op"]
[Site "Massy"]
[Date "10.07.01"]
[Round "?"]
[White "Plantet, Marc"]
[Black "Frere,  Bruno"]
[Result "1-0"]
[WhiteElo "1914"]
[BlackElo "1797"]
[PlyCount "51"]
[EventDate "2010.06.??"]
[EventType "swiss"]
[EventRounds "7"]
[EventCountry "FRA"]
[WhiteTeamCountry "FRA"]
[BlackTeamCountry "FRA"]

1. e4 g6 2. d4 Bg7 3. Bc4 d6 4. f4 c5 5. c3 cxd4 6. cxd4 Nf6 7. e5 Ne4 8. Qa4+
Bd7 9. Qb3 O-O 10. Nf3 Bc6 11. O-O e6 12. Nc3 Nxc3 13. bxc3 Qc7 14. exd6 Qxd6
15. Ba3 Qxf4 16. Bxf8 Bxf8 17. Rae1 Qg4 18. Rxe6 b5 19. Rxc6 Nxc6 20. Bxf7+ Kg7
21. Qd5 Qc8 22. Be6 Qe8 23. Ne5 Ne7 24. Qf3 Rb8 25. Qf6+ Kh6 26. Rf3 1-0

[Event "Massy Op"]
[Site "Massy"]
[Date "10.07.01"]
[Round "?"]
[White "Cambus , Patrick"]
[Black "Barchilon, Jean Charles"]
[Result "0-1"]
[WhiteElo "1728"]
[BlackElo "1946"]
[PlyCount "62"]
[EventDate "2010.06.??"]
[EventType "swiss"]
[EventRounds "7"]
[EventCountry "FRA"]
[WhiteTeamCountry "FRA"]
[BlackTeamCountry "FRA"]

1. e4 c6 2. d4 d5 3. exd5 cxd5 4. c4 Nf6 5. Nf3 Nc6 6. Nc3 e6 7. cxd5 Nxd5 8.
Bd3 Be7 9. O-O O-O 10. a3 a6 11. Qe2 Nf6 12. Rd1 b5 13. b4 Bb7 14. Bb2 Qb6 15.
Ne4 Nxe4 16. Qxe4 g6 17. Qg4 Rad8 18. Rac1 Rd5 19. Bb1 Rfd8 20. Ba2 R5d6 21. h4
Bf6 22. Qf4 e5 23. Rxc6 exf4 24. Rxb6 Rxb6 25. Ne1 Rbd6 26. Nc2 Be4 27. Bb3
Bxc2 28. Bxc2 Bxd4 29. Bc1 Bxf2+ 30. Kxf2 Rxd1 31. Bxd1 Rxd1 0-1

[Event "Massy Op"]
[Site "Massy"]
[Date "10.07.01"]
[Round "?"]
[White "Preschez,  Francois"]
[Black "Trkulja , Nicolas"]
[Result "1-0"]
[WhiteElo "1850"]
[BlackElo "1725"]
[PlyCount "71"]
[EventDate "2010.06.??"]
[EventType "swiss"]
[EventRounds "7"]
[EventCountry "FRA"]
[WhiteTeamCountry "FRA"]
[BlackTeamCountry "FRA"]

1. e4 e6 2. d4 d5 3. Nc3 h6 4. e5 c5 5. Be3 Qa5 6. f4 Bd7 7. Nf3 c4 8. a3 Ne7
9. Be2 Nbc6 10. O-O g6 11. g4 b5 12. Qd2 Qb6 13. b3 Na5 14. b4 Nac6 15. Na2 a5
16. c3 Bg7 17. h3 Qb7 18. Kg2 a4 19. Kg3 O-O-O 20. Rh1 Rdf8 21. Raf1 Kb8 22.
Bd1 Qc8 23. Bc2 Qe8 24. Nc1 Qc8 25. Ne2 Kb7 26. Rf2 Kb8 27. Kg2 Kb7 28. Ng3 Kb8
29. Kf1 f5 30. exf6 Rxf6 31. Ne5 Nxe5 32. dxe5 Rf7 33. Bc5 Qe8 34. Qe3 Kc8 35.
Bd6 Bf8 36. Qb6 1-0

[Event "Massy Op"]
[Site "Massy"]
[Date "10.07.01"]
[Round "?"]
[White "Aurel, Luc"]
[Black "Msellek, Ilyass"]
[Result "1-0"]
[WhiteElo "2185"]
[BlackElo "2024"]
[PlyCount "109"]
[EventDate "2010.06.??"]
[EventType "swiss"]
[EventRounds "7"]
[EventCountry "FRA"]
[WhiteTeamCountry "FRA"]
[BlackTeamCountry "FRA"]

1. c4 e5 2. g3 Nf6 3. Bg2 d5 4. cxd5 Nxd5 5. Nc3 Nb6 6. Nf3 Nc6 7. O-O Be6 8.
Rb1 Be7 9. b4 f6 10. a3 O-O 11. d3 Qd7 12. Ne4 Nd5 13. Bb2 b6 14. Rc1 Bd6 15.
Qc2 Nd8 16. d4 Nf7 17. dxe5 fxe5 18. Neg5 Bf5 19. Qc4 Nf6 20. Nxf7 Qxf7 21.
Qxf7+ Kxf7 22. Ng5+ Ke7 23. Bxa8 Rxa8 24. e4 Bg4 25. f4 Nd7 26. fxe5 Nxe5 27.
Bxe5 Bxe5 28. Nf3 Bxf3 29. Rxf3 Rd8 30. Rc2 h6 31. Kg2 Rd4 32. Re3 Rd8 33. Kf3
Rd4 34. Ke2 Ke6 35. Kf3 Ke7 36. Kg4 g6 37. Rc6 Kf7 38. h4 Rd1 39. h5 gxh5+ 40.
Kf5 Bd6 41. e5 Rf1+ 42. Ke4 Be7 43. Rf3+ Rxf3 44. Kxf3 h4 45. gxh4 Bxh4 46.
Rxc7+ Ke6 47. Ke4 h5 48. Rh7 Be7 49. Rxh5 Kd7 50. Kd5 a5 51. bxa5 bxa5 52. a4
Bb4 53. Rh7+ Kd8 54. Ke6 Bc5 55. Rd7+ 1-0

[Event "Massy Op"]
[Site "Massy"]
[Date "10.07.01"]
[Round "?"]
[White "Levesque, Thomas"]
[Black "Mousset Evtouchenko, Nina"]
[Result "1-0"]
[WhiteElo "1974"]
[BlackElo "1735"]
[PlyCount "77"]
[EventDate "2010.06.??"]
[EventType "swiss"]
[EventRounds "7"]
[EventCountry "FRA"]
[WhiteTeamCountry "FRA"]
[BlackTeamCountry "FRA"]

1. f4 d5 2. Nf3 c5 3. e3 Nf6 4. b3 Nc6 5. Bb2 Bf5 6. Bb5 e6 7. O-O a6 8. Bxc6+
bxc6 9. Ne5 Qc7 10. g4 Bg6 11. d3 h6 12. Nd2 Bh7 13. g5 Nd7 14. gxh6 Rg8 15.
hxg7 Bxg7 16. Kh1 Nxe5 17. fxe5 O-O-O 18. Nf3 Rh8 19. Qe2 Bg6 20. Rg1 Rh7 21.
Rg2 Rdh8 22. Kg1 Bh5 23. d4 Qa7 24. Rf1 f5 25. exf6 Bxf6 26. Qd2 Rg7 27. Rxg7
Qxg7+ 28. Kh1 Qh7 29. Qg2 Rg8 30. Qh3 Qf7 31. Ne5 Qg7 32. Qxe6+ Kb8 33. Qd6+
Ka7 34. Qxc5+ Kb8 35. Qb6+ Ka8 36. Qxa6+ Kb8 37. Qb6+ Kc8 38. Qxc6+ Kd8 39.
Qxf6+ 1-0

[Event "Massy Op"]
[Site "Massy"]
[Date "10.07.01"]
[Round "?"]
[White "Tchimichkian, Vardan"]
[Black "Doucin, Paul"]
[Result "1-0"]
[WhiteElo "1565"]
[BlackElo "1692"]
[PlyCount "52"]
[EventDate "2010.06.??"]
[EventType "swiss"]
[EventRounds "7"]
[EventCountry "FRA"]
[WhiteTeamCountry "FRA"]
[BlackTeamCountry "FRA"]

1. e4 c5 2. Nc3 Nc6 3. f4 d6 4. Nf3 e6 5. Bc4 a6 6. a3 Be7 7. O-O Nf6 8. d3 O-O
9. Ne2 b5 10. Ba2 Bb7 11. Qe1 Rc8 12. Ng5 h6 13. Nxe6 fxe6 14. Bxe6+ Kh8 15. f5
Ne5 16. Qg3 Rc7 17. c3 Bc8 18. d4 Nxe4 19. Qh3 Nf7 20. Nf4 Neg5 21. Qh5 Nxe6
22. fxe6 Ng5 23. Ng6+ Kg8 24. Bxg5 Qe8 25. Bxe7 Rxf1+ 26. Rxf1 Qc6 1-0

[Event "Massy Op"]
[Site "Massy"]
[Date "10.06.01"]
[Round "?"]
[White "Reuther, Guido"]
[Black "Legrand , Francoise"]
[Result "0-1"]
[WhiteElo "1672"]
[BlackElo "1763"]
[PlyCount "122"]
[EventDate "2010.06.??"]
[EventType "swiss"]
[EventRounds "7"]
[EventCountry "FRA"]
[WhiteTeamCountry "FRA"]
[BlackTeamCountry "FRA"]

1. c4 d6 2. Nc3 Nf6 3. d4 Nbd7 4. e4 e5 5. dxe5 dxe5 6. Be3 Bb4 7. f3 O-O 8.
Qd2 Nb6 9. a3 Qxd2+ 10. Bxd2 Bc5 11. O-O-O c6 12. b4 Bd4 13. c5 Nbd7 14. Nge2
b6 15. Nxd4 exd4 16. Na4 bxc5 17. bxc5 Ne5 18. Ba5 Be6 19. Rxd4 Rab8 20. Bc7
Nxf3 21. gxf3 Rb3 22. Rd3 Rb7 23. Bd6 Re8 24. Rc3 Ba2 25. Bd3 Nd7 26. Rd1 Ne5
27. Bxe5 Rxe5 28. Bc2 Kf8 29. Nb2 Rh5 30. Rd2 Rg5 31. Ba4 Rg1+ 32. Rd1 Rg2 33.
Rc2 Rg6 34. Rd6 Rg1+ 35. Kd2 Bb1 36. Nd3 Rg2+ 37. Kc3 Bxc2 38. Bxc2 Rxh2 39.
Rxc6 f6 40. Bb3 Rh3 41. Bd5 Rb8 42. e5 fxe5 43. Nxe5 Rd8 44. Be4 Rh1 45. Rc7
Re8 46. f4 Rh3+ 47. Kb4 Rd8 48. Nd7+ Kg8 49. Rxa7 Rh4 50. Bd5+ Kh8 51. c6 Rxf4+
52. Kc5 h5 53. Kd6 h4 54. Kc7 Re8 55. Kd6 h3 56. c7 Rd4 57. Ne5 h2 58. Ng6+ Kh7
59. Ne7 Rxd5+ 60. Nxd5 h1=Q 61. Kd7 Qe4 0-1

[Event "Massy Op"]
[Site "Massy"]
[Date "10.07.01"]
[Round "?"]
[White "Deutsche , Gerald"]
[Black "Tirel,  Marcel"]
[Result "0-1"]
[WhiteElo "1440"]
[BlackElo "1680"]
[PlyCount "92"]
[EventDate "2010.06.??"]
[EventType "swiss"]
[EventRounds "7"]
[EventCountry "FRA"]
[WhiteTeamCountry "FRA"]
[BlackTeamCountry "FRA"]

1. e4 c6 2. d4 d5 3. e5 Bf5 4. Nf3 e6 5. Be2 c5 6. b3 cxd4 7. Nxd4 Bg6 8. O-O
Bc5 9. Be3 Nd7 10. Bb5 Ne7 11. Bxd7+ Qxd7 12. Nxe6 fxe6 13. Bxc5 O-O 14. c4 Rf7
15. Nc3 Nc6 16. cxd5 Nxe5 17. Re1 Rf5 18. f4 Qc7 19. Bd4 Bh5 20. Bxe5 Rxe5 21.
Qd4 Rf5 22. d6 Qd7 23. Re5 Raf8 24. Rxf5 Rxf5 25. Re1 Bg6 26. g4 Rf7 27. Qe5
Qc6 28. Na4 Rd7 29. Rd1 Bf7 30. h4 Qf3 31. Rd2 Qxg4+ 32. Rg2 Qd1+ 33. Kh2 g6
34. Nc5 Rxd6 35. h5 Rd5 36. Qb8+ Kg7 37. f5 Qxh5+ 38. Kg1 Rd1+ 39. Kf2 Qxf5+
40. Ke2 Qf1+ 41. Ke3 Re1+ 42. Kd4 Qxg2 43. Nd3 Qe4+ 44. Kc3 Re3 45. Qh2 Qxd3+
46. Kb2 Re2+ 0-1

[Event "Massy Op"]
[Site "Massy"]
[Date "10.07.01"]
[Round "?"]
[White "Peignien, Laurent"]
[Black "Vernier,  Maurice"]
[Result "0-1"]
[WhiteElo "1526"]
[BlackElo "1360"]
[PlyCount "46"]
[EventDate "2010.06.??"]
[EventType "swiss"]
[EventRounds "7"]
[EventCountry "FRA"]
[WhiteTeamCountry "FRA"]
[BlackTeamCountry "FRA"]

1. e4 g6 2. d4 Bg7 3. f4 d6 4. Nf3 Nf6 5. Nc3 O-O 6. Bd3 a6 7. e5 Nfd7 8. e6
fxe6 9. Ng5 Nb6 10. Qe2 e5 11. Bc4+ d5 12. Bb3 h6 13. h4 Nc6 14. Qe4 Bf5 15.
Bxd5+ Nxd5 16. Qxd5+ e6 17. Nxe6 Qxd5 18. Nxd5 Bxe6 19. Nxc7 Nxd4 20. O-O Bf5
21. Nxa8 Rxa8 22. Bd2 e4 23. Rac1 Ne2+ 0-1

[Event "Massy Op"]
[Site "Massy"]
[Date "10.07.01"]
[Round "?"]
[White "Frere , Mehdi"]
[Black "Laigle , Corinne"]
[Result "0-1"]
[WhiteElo "1320"]
[BlackElo "1160"]
[PlyCount "72"]
[EventDate "2010.06.??"]
[EventType "swiss"]
[EventRounds "7"]
[EventCountry "FRA"]
[WhiteTeamCountry "FRA"]
[BlackTeamCountry "FRA"]

1. e4 Nc6 2. Bb5 d6 3. Bxc6+ bxc6 4. Nf3 Nf6 5. e5 Ne4 6. Qe2 d5 7. d4 e6 8.
Nbd2 c5 9. Nxe4 c4 10. Ng3 Bb4+ 11. c3 Ba5 12. O-O Bb7 13. Bg5 f6 14. exf6 gxf6
15. Bh4 Qe7 16. Nh5 O-O-O 17. Bxf6 Qf7 18. Bxh8 Qxh5 19. Qxe6+ Kb8 20. Be5 Bc8
21. Qe7 Rg8 22. Qh4 Qg6 23. Qg3 Bg4 24. h3 Bxf3 25. Qxf3 Kc8 26. Qg4+ Kb8 27.
Qxg6 Rxg6 28. Rfe1 Kc8 29. Re2 c6 30. Rae1 Bd8 31. Bd6 Kb7 32. Bc5 Ka6 33. Re8
Bh4 34. g3 Bg5 35. R1e6 Rg7 36. Rxc6+ Kb5 0-1

[Event "Massy Op"]
[Site "Massy"]
[Date "10.07.01"]
[Round "?"]
[White "Demetz , Yves"]
[Black "Imbert, Gerard"]
[Result "1-0"]
[WhiteElo "1833"]
[BlackElo "1694"]
[PlyCount "84"]
[EventDate "2010.06.??"]
[EventType "swiss"]
[EventRounds "7"]
[EventCountry "FRA"]
[WhiteTeamCountry "FRA"]
[BlackTeamCountry "FRA"]

1. e4 c5 2. c3 d5 3. exd5 Qxd5 4. d4 e6 5. Nf3 cxd4 6. Qxd4 Qxd4 7. Nxd4 a6 8.
Bd3 Nf6 9. O-O Be7 10. b4 O-O 11. f4 Rd8 12. Bb2 Bd7 13. Nd2 Nc6 14. N2f3 Nxd4
15. Nxd4 Be8 16. a3 Rac8 17. Rac1 Bc6 18. Rfe1 Bd6 19. g3 Bb8 20. Nxc6 Rxc6 21.
Rcd1 Rcd6 22. Bc2 Ba7+ 23. Kg2 Rxd1 24. Rxd1 Rxd1 25. Bxd1 Ne4 26. c4 Nd2 27.
Be2 f6 28. a4 b5 29. cxb5 axb5 30. Bxb5 Ne4 31. Bd3 Nd6 32. a5 h6 33. b5 Nc8
34. Ba3 Kf7 35. Be4 Bd4 36. Bb7 Ne7 37. Kf3 f5 38. h3 Nd5 39. Bxd5 exd5 40. b6
Ke6 41. b7 Ba7 42. Bc5 Bb8 1-0